000 00857cab a2200253 4500
001 ABS47928
008 090401t1993 xxu||||| |||| 00| 0 eng d
035 _a(Sirsi) u64087
041 _aeng
100 _aPearce, H.
245 _aJonas: facing up to the future
260 _c1993
350 _a0
490 _aEstates Gazette
_v(9303) 23 January 1993, 38 (1)
520 _aChristopher Jonas summarises the aims of the RICS and the profession, namely to retain the place of surveyors among the professions and to achieve high professional standards, and the measures taken towards attaining these goals.
650 _aABOUT RICS-RICS MEMBERS
650 _aFUTURE
650 _aJONAS C.
650 _aRICS PRESIDENT
650 _aRICS
690 _aMANAGEMENT-BUSINESS MANAGEMENT-PROFESSIONAL PRACTICE
942 _n0
948 _c04/03/1997
999 _c39893
_d39893